Poistenie v nezamestnanosti a garančné poistenie bakalárska práca

Salvato in:
Dettagli Bibliografici
Autore principale: Ganajová, Danka
Ente Autore: Podnikovohospodárska fakulta EU so sídlom v Košiciach. Katedra ekonómie
Altri autori: Bačová, Monika
Natura: Libro
Lingua:slovacco
Pubblicazione: Košice 2009
Tags: Aggiungi Tag
Nessun Tag, puoi essere il primo ad aggiungerne!!

MARC

LEADER 00000nam$a2200000$$$4500
001 0106154
005 20240827092830.8
041 0 |a slo 
044 |a SK 
245 1 0 |a Poistenie v nezamestnanosti a garančné poistenie  |b bakalárska práca  |c Danka Ganajová ; škol. Monika Bačová 
264 1 |a Košice  |c 2009 
300 |a 68 s. 
100 1 |a Ganajová, Danka 
700 1 |a Bačová, Monika 
710 2 |a Podnikovohospodárska fakulta EU so sídlom v Košiciach. Katedra ekonómie